|
|
|
|
| LEADER |
00000nam2a2200000 4500 |
| 001 |
72434 |
| 005 |
20231031083421.0 |
| 035 |
|
|
|a (RuTPU)RU\TPU\book\77241
|
| 090 |
|
|
|a 72434
|
| 100 |
|
|
|a 20050122d1968 k y0rusy50 ca
|
| 101 |
0 |
|
|a rus
|
| 102 |
|
|
|a RU
|
| 105 |
|
|
|a a z 001zy
|
| 200 |
1 |
|
|a Основные закономерности размещения месторождений полезных ископаемых на территории СССР
|
| 210 |
|
|
|d 1968
|
| 215 |
|
|
|a 504.с.
|c ил.
|e 4 л. схемы и карты
|
| 300 |
|
|
|a Доп. тит. лист
|
| 320 |
|
|
|a Библиогр.: с. 486-501.
|
| 461 |
|
1 |
|0 (RuTPU)RU\TPU\book\78467
|t Геологическое строение СССР
|o в 6 томах
|f Всесоюзный научно-исследовательский геологический институт (ВСЕГЕИ); Под ред. Е. Т. Шаталова
|v Т. 4
|d 1968 -
|
| 610 |
1 |
|
|a геология
|
| 610 |
1 |
|
|a геологическое строение
|
| 610 |
1 |
|
|a СССР
|
| 610 |
1 |
|
|a металлогения
|
| 610 |
1 |
|
|a полезные ископаемые
|
| 610 |
1 |
|
|a месторождения
|
| 610 |
1 |
|
|a воды подземные
|
| 610 |
1 |
|
|a уголь
|
| 610 |
1 |
|
|a горючие сланцы
|
| 610 |
1 |
|
|a нефть
|
| 610 |
1 |
|
|a газ
|
| 675 |
|
|
|a 55(с)
|v 3
|
| 675 |
|
|
|a 553.3/.4
|v 3
|
| 702 |
|
1 |
|a Семенов
|b А. И.
|4 340
|
| 702 |
|
1 |
|a Щеглов
|4 340
|
| 801 |
|
1 |
|a RU
|b 63413507
|c 20050122
|g PSBO
|
| 801 |
|
2 |
|a RU
|b 63413507
|c 20190729
|g PSBO
|
| 942 |
|
|
|c BK
|